LIBRARY & INFORMATION CENTRE, KCAET, TAVANUR

ONLINE PUBLIC ACCESS CATALOGUE (OPAC)

School discipline / (Record no. 8560)

MARC details
000 -LEADER
fixed length control field 00383cam a2200157ua 4500
041 ## - LANGUAGE CODE
Language code of text/sound track or separate title eng
082 ## - DEWEY DECIMAL CLASSIFICATION NUMBER
Classification number 371.5
Item number HEM/SC
100 ## - MAIN ENTRY--AUTHOR NAME
Personal name Hemingford, Lord .
245 ## - TITLE STATEMENT
Title School discipline /
250 ## - EDITION STATEMENT
Edition statement 1 /
260 ## - PUBLICATION, DISTRIBUTION, ETC. (IMPRINT)
Place of publication London :
Name of publisher Longman Green and Co ,
Year of publication 1960.
300 ## - PHYSICAL DESCRIPTION
Number of Pages 87 ; .
942 ## - ADDED ENTRY ELEMENTS (KOHA)
Koha item type Books
Holdings
Withdrawn status Lost status Damaged status Home library Current library Date acquired Full call number Accession Number Koha item type
Withdrawn     KAUAET Sanskrit University 07/04/2012 371.5 3976 Books
free website counter